000 00322nam a2200121Ia 4500
008 220214s9999 xx 000 0 und d
100 _aVince Gaia
245 0 _aGlacier man
260 _bScience
_c2009
300 _a659-661
520 _aArticles bound received from Dr. James Jacob, Director(R), March 2010
942 _cRE
999 _c45396
_d45396